| 000 | 00603cam a22001931 4500 | ||
|---|---|---|---|
| 001 | ne 68003931 | ||
| 003 | DLC | ||
| 005 | 20260227111848.0 | ||
| 008 | 810922s1967 ua 000 0 arar | ||
| 010 | _ane 68003931 | ||
| 025 | _aPL480:UAR-9576 | ||
| 035 | _a(OCoLC)7782730 | ||
| 040 |
_aDLC _cTU _dTU _dDLC |
||
| 050 | 0 | 0 |
_aAC106 _b.A634 1967 |
| 100 | 1 |
_aʻAqqād, ʻAbbās Maḥmūd, _d1889-1964. |
|
| 245 | 1 | 0 |
_aDirāsāt fī al-madhāhib al-adabīyah wa-al-ijtimāʻīyah. _c[taʼlīf] ʻAbbās Maḥmūd al-ʻAqqād. |
| 260 |
_a[al-Qāhirah] _bMaktabat Gharīb _c[1967] |
||
| 300 |
_a250 p. _c24 cm. |
||
| 999 |
_c50883 _d50883 |
||